|
|
|
|
| LEADER |
00000nam a2200000 a 4500 |
| 001 |
vtls011749974 |
| 003 |
SK-MaSNL |
| 005 |
20260301183035.0 |
| 008 |
251112s1739 gw 001 0 lat |
| 015 |
|
|
|a SNBHFA1739
|
| 035 |
|
|
|a urn:nbn:sk:snk-am00dww7
|
| 035 |
|
|
|a urn:nbn:sk:snk-am3i820
|
| 035 |
|
|
|a 53091145-9021-41AD-86D7-65F03409B7C0
|
| 040 |
|
|
|a SNKHF
|b slo
|c SNK
|e AACR2
|
| 041 |
0 |
|
|a lat
|
| 044 |
|
|
|a gw
|c DE
|
| 072 |
|
7 |
|a 2
|x Náboženstvo
|2 konspekt
|
| 072 |
|
7 |
|a 27
|x Kresťanstvo. Kresťanská cirkev všeobecne. Ekleziológia
|2 konspekt
|
| 080 |
|
|
|a 21/29-1/-9
|2 2011
|
| 080 |
|
|
|a 27
|2 2011
|
| 080 |
|
|
|a 378.245
|2 2001
|
| 080 |
|
|
|a 27-565.54
|2 2001
|
| 080 |
|
|
|a 2-1
|2 2011
|
| 100 |
1 |
|
|a Iken, Konrad,
|d 1689-1753
|4 aut
|9 351643
|
| 245 |
1 |
0 |
|a Dissertationis Theologico-Philologicae Posterioris, De Tempore Celebratae A Servatore Ultimae Coenae Paschalis, Qua Difficultates
|n Pars I.
|c Praeside Conrado Ikenio Ss. Theol. Doct. Et. Prof [...] ; Respondente Johanne Gerhardo Ermanio
|
| 260 |
|
|
|a Bremae
|b Typis Viduae B. Herm. Christ. Jani, quondam Illustr. Gymn. Typogr
|c MDCCXXXIX [=1739]
|
| 300 |
|
|
|a 40 strán
|c 21 cm
|
| 500 |
|
|
|a Typografické linky, vinety, iniciálka na 5 r. s ornamentálnym pozadím, iniciálky bez pozadia na 2-3 r., kustódy
|
| 501 |
|
|
|a Príväzok 3. k: THAMER, Johann Heinrich.Io. Heinrici Thameri Aqvisgrano-Ivliaci Schediasma De Origine Et Dignitate Pericoparvm Qvae Evangelia Et Epistolae Vvlgo Vocantvr Atqve Diebvs Dominicis, Festis Apostolorvmqve Sanctorvm Memoriae Sacris, Concionibvs Praelegvntvr Et Explicantvr. Ienae : Impensis Francisci Bortoletti, M DCC XXXIV [=1734].
|5 SNK IC 143985
|
| 504 |
|
|
|a Tlačené marginálie
|
| 508 |
|
|
|a Dedikácia: Dn. Casparo Meyero ; Dn. Casparo Rheden ; Dn. Ludolpho Henrico Runge ; Dn. Johanni Coch ; Dn. Georgio Löning ; Dn. Dionysio Schombart ; Dn. Johanni Oelrichs
|
| 546 |
|
|
|a Latinčina
|b Antikva
|b Kurzíva
|
| 546 |
|
|
|a Gréčtina
|b Grécka abeceda
|
| 546 |
|
|
|a Hebrejčina
|b Hebrejské písmo
|
| 561 |
|
|
|a Z knižnice Učenej spoločnosti malohontskej.
|5 SNK IC 143985/prív.3
|
| 563 |
|
|
|a Kožená väzba so zlatou slepotlačou.
|5 SNK IC 143985/prív.3
|
| 650 |
0 |
7 |
|a dizertácie
|2 SNKPH
|9 4040
|
| 650 |
0 |
7 |
|a Veľká noc
|2 SNKPH
|9 3414
|
| 650 |
0 |
7 |
|a teológia
|2 SNKPH
|9 1814
|
| 700 |
1 |
|
|a Meyer, Kaspar
|4 hnr
|9 557750
|
| 700 |
1 |
|
|a Rheden, Kaspar
|4 hnr
|9 557751
|
| 700 |
1 |
|
|a Runge, Ludolph Heinrich,
|d 1688-1760
|4 hnr
|9 557752
|
| 700 |
1 |
|
|a Coch, Johann,
|d 1687-1747
|4 hnr
|9 557753
|
| 700 |
1 |
|
|a Loening, Georg
|4 hnr
|9 557754
|
| 700 |
1 |
|
|a Schombart, Dionys
|4 hnr
|9 557755
|
| 700 |
1 |
|
|a Oelrichs, Johannes
|4 hnr
|9 557756
|
| 710 |
2 |
|
|a Učená spoločnosť malohontská
|4 fmo
|9 205374
|
| 710 |
0 |
|
|a Jani, Hermann Christoph - vdova (Brémy, Nemecko),
|d 1738-1776
|4 prt
|9 351652
|
| 752 |
|
|
|a Nemecko
|d Brémy
|
| 852 |
|
|
|a snk
|b Historické fondy
|p IC 143985/prív.3
|
| 958 |
|
|
|a ONDV
|
| 999 |
|
|
|c 855656
|d 857586
|
| 952 |
|
|
|t MHC II.B.e.XIV
|a SNK
|b SNK
|c SNK_HF
|y PREZ
|7 0
|p 17A1300302
|o snkIC 143985/prív.3
|i snk2018/8107
|8 5
|0 0
|1 0
|4 0
|d 2018-04-09
|f 1
|l 0
|r 2026-02-24 04:55:31
|w 2026-02-24
|